[Event "ROM-chT Blitz"]
[Site "Sebes"]
[Date "2022.12.04"]
[Round "4.32"]
[White "Stefan, Iulia Cristiana"]
[Black "Dragut, Stefan Cristian"]
[Result "1-0"]
[WhiteElo "1662"]
[BlackElo "1217"]
[PlyCount "99"]
[EventDate "2022.12.04"]
[EventType "team-swiss (blitz)"]
[EventRounds "8"]
[EventCountry "ROU"]
[SourceTitle "CBM 211 Extra"]
[Source "ChessBase"]
[SourceDate "2023.01.31"]
[SourceVersion "1"]
[SourceVersionDate "2023.01.31"]
[SourceQuality "1"]
[WhiteTeam "Cugir CSO"]
[BlackTeam "Bucharest CCS 2"]
[WhiteTeamCountry "ROU"]
[BlackTeamCountry "ROU"]

1. e4 e6 2. d4 d5 3. e5 c5 4. c3 Nc6 5. Nf3 Qb6 6. Bd3 Bd7 7. 0-0 cxd4 8. Re1 dxc3 9. Nxc3 Bb4 10. a3 Bxc3 11. bxc3 Nge7 12. Rb1 Qc7 13. Bf4 0-0 14. Bg3 a6 15. Ng5 h6 16. Nf3 b5 17. Qd2 Ng6 18. h4 Nce7 19. h5 Nh8 20. Bf4 Nf5 21. g4 Ne7 22. Bxh6 Rfc8 23. Rbc1 Kf8 24. Bxg7+ Kxg7 25. Qg5+ Kf8 26. Qh6+ Ke8 27. Qxh8+ Ng8 28. Qxg8+ Ke7 29. Qg5+ Ke8 30. h6 Bc6 31. Qf6 Qe7 32. h7 Qxf6 33. exf6 Kd7 34. Ne5+ Kc7 35. Nxf7 Rf8 36. h8Q Rxh8 37. Nxh8 Rxh8 38. f3 Rf8 39. g5 Rg8 40. f4 Be8 41. Kf2 Kd7 42. Rh1 Bg6 43. Bxg6 Rxg6 44. Rh7+ Ke8 45. Re7+ Kf8 46. Rxe6 Kf7 47. Re7+ Kf8 48. Rce1 Kg8 49. Re8+ Kh7 50. R1e7+ 1-0